书目信息 |
| 题名: |
室内装饰工程施工技术
|
|
| 作者: | 郭洪武 主编 | |
| 分册: | ||
| 出版信息: | 北京 中国水利水电出版社 2013 |
|
| 页数: | 208页 | |
| 开本: | 29cm | |
| 丛书名: | ||
| 单 册: | ||
| 中图分类: | TU767 | |
| 科图分类: | ||
| 主题词: | 室内装饰 , 室内装饰--工程施工--高等教育--教材 | |
| 电子资源: | ||
| ISBN: | 978-7-5170-1287-0 | |
| 000 | 01035nam0 2200265 450 | |
| 001 | 141074 | |
| 005 | 20141106102615.96 | |
| 010 | @a978-7-5170-1287-0@dCNY 30.00 | |
| 100 | @a20131113d2013 em y0chiy50 ea | |
| 101 | 0 | @achi |
| 102 | @aCN@b110000 | |
| 105 | @aa z 000yy | |
| 200 | 1 | @a室内装饰工程施工技术@9shi nei zhuang shi gong cheng shi gong ji shu@b专著@f郭洪武主编 |
| 210 | @a北京@c中国水利水电出版社@d2013 | |
| 215 | @a208页@c图,照片@d29cm | |
| 300 | @a普通高等教育艺术设计类“十二五”规划教材·环境设计专业 | |
| 312 | @a封面英文题名:Interior decoration construction technology | |
| 330 | @a本书通过9章内容分门别类地将室内装修的施工技术进行一一详解,从总的项目到分项工程,罗列了各个环节的施工准备,梳理了施工过程,同时整理了大量施工中应注意的问题及解决方法。 | |
| 510 | 1 | @aInterior decoration construction technology@zeng |
| 606 | 0 | @a室内装饰 |
| 606 | 0 | @a室内装饰@x工程施工@x高等教育@j教材 |
| 690 | @aTU767@v5 | |
| 701 | 0 | @a郭洪武@9guo hong wu@4主编 |
| 801 | 0 | @c20141106 |
| 905 | @a241430@dTU767@eG800 | |
| 室内装饰工程施工技术/郭洪武主编.-北京:中国水利水电出版社,2013 |
| 208页:图,照片;29cm |
| 普通高等教育艺术设计类“十二五”规划教材·环境设计专业 |
| ISBN 978-7-5170-1287-0:CNY 30.00 |
| 本书通过9章内容分门别类地将室内装修的施工技术进行一一详解,从总的项目到分项工程,罗列了各个环节的施工准备,梳理了施工过程,同时整理了大量施工中应注意的问题及解决方法。 |
| ● |
| 相关链接 |
|
|
|
正题名:室内装饰工程施工技术
索取号:TU767/G800
 
预约/预借
| 序号 | 登录号 | 条形码 | 馆藏地/架位号 | 状态 | 备注 |
| 1 | 0836838 | 208368381 | 建筑库201/201建筑库 45排7列1层/ [索取号:TU767/G800] | 在馆 | |
| 2 | 0836839 | 208368390 | 建筑库201/201建筑库 45排7列1层/ [索取号:TU767/G800] | 在馆 | |
| 3 | 0836840 | 208368407 | 建筑库201/201建筑库 45排7列1层/ [索取号:TU767/G800] | 在馆 |